Catálogo

La cosmovisión de los grandes creadores de la ciencia moderna : (Registro nro. 42037)

Detalles MARC
000 -LEADER
fixed length control field 01399cam a2200325 i 4500
001 - CONTROL NUMBER
control field 42037
003 - CONTROL NUMBER IDENTIFIER
control field Mx-PuUPA
005 - DATE AND TIME OF LATEST TRANSACTION
control field 20251105143512.0
008 - FIXED-LENGTH DATA ELEMENTS--GENERAL INFORMATION
fixed length control field 140415s2023 sp gr 001 0 spa d
017 ## - COPYRIGHT OR LEGAL DEPOSIT NUMBER
Copyright or legal deposit number M-3333-2023
020 ## - INTERNATIONAL STANDARD BOOK NUMBER
International Standard Book Number 9788430987443
040 ## - CATALOGING SOURCE
Original cataloging agency Mx-PuUPA
Language of cataloging spa
Transcribing agency Mx-PuUPA
Modifying agency Mx-PuUPA
Description conventions rda
041 0# - LANGUAGE CODE
Language code of text/sound track or separate title spa
245 13 - TITLE STATEMENT
Title La cosmovisión de los grandes creadores de la ciencia moderna :
Remainder of title convicciones éticas, políticas, filosóficas o religiosas de los protagonistas de la renovación del saber en los siglos XVI y XVII /
Statement of responsibility, etc. Juan Arana, director ; Manuel Fonseca, Juan Arana, Álvaro Balsas [y otros 29], autores
264 #1 - PRODUCTION, PUBLICATION, DISTRIBUTION, MANUFACTURE, AND COPYRIGHT NOTICE
Place of production, publication, distribution, manufacture Madrid, España :
Name of producer, publisher, distributor, manufacturer Editorial Tecnos,
Date of production, publication, distribution, manufacture, or copyright notice 2023
300 ## - PHYSICAL DESCRIPTION
Extent 468 páginas ;
Dimensions 23 cm
336 ## - CONTENT TYPE
Fuente rdacontent
Content type term texto
Content type code txt
337 ## - MEDIA TYPE
Source rdamedia
Media type term sin medio
Media type code n
338 ## - CARRIER TYPE
Source rdacarrier
Carrier type term volumen
Carrier type code nc
650 #7 - SUBJECT ADDED ENTRY--TOPICAL TERM
Source of heading or term armarc
9 (RLIN) 13986
Topical term or geographic name entry element Ciencia
General subdivision Disciplina
-- Astronomía
-- Ciencia de la tierra
650 #7 - SUBJECT ADDED ENTRY--TOPICAL TERM
Source of heading or term armarc
Topical term or geographic name entry element Cosmovisión
Chronological subdivision Siglo XX
650 #7 - SUBJECT ADDED ENTRY--TOPICAL TERM
Source of heading or term armarc
Topical term or geographic name entry element Filosofía de la naturaleza (cosmología)
650 #7 - SUBJECT ADDED ENTRY--TOPICAL TERM
Source of heading or term armarc
Topical term or geographic name entry element Cosmología
General subdivision Estructura y evolución del universo
-- Cosmografía
700 1# - ADDED ENTRY--PERSONAL NAME
Personal name Arana Cañedo-Argüelles, Juan,
Dates associated with a name 1950-
9 (RLIN) 12955
Relator term director
-- autor
700 1# - ADDED ENTRY--PERSONAL NAME
Personal name Alfonseca, Manuel,
Relator term autor
9 (RLIN) 16854
700 1# - ADDED ENTRY--PERSONAL NAME
Personal name Balsas, Álvaro,
Relator term autor
942 ## - ADDED ENTRY ELEMENTS (KOHA)
Source of classification or shelving scheme Dewey Decimal Classification
Koha item type Libro
Classification part 523.1
Item part L28
Existencias
Withdrawn status Lost status Source of classification or shelving scheme Damaged status Not for loan Collection code Home library Current library Shelving location Date acquired Source of acquisition Total Checkouts Total Renewals Full call number Barcode Checked out Date last seen Date last checked out Price effective from Koha item type
    Dewey Decimal Classification     Magisterial Biblioteca Karol Wojtyla Biblioteca Karol Wojtyla Módulo de circulación 03/12/2013 Compra 1 1 523.1 L28 2023 63343 17/02/2027 10/11/2025 10/11/2025 03/12/2013 Magisterial